Brooklyn Nine-Nine Characters Quiz Stats

 Plays Quiz Updated Jul 23, 2018

Score 0/14 Timer 05:00
42 Plays Today
% Correct
Det. Jake Peralta
98.2%
Det. Amy Santiago
92.9%
Sgt. Terence 'Terry' Jeffords
92.3%
Cpt. Ray Holt
92.2%
Det. Rosa Diaz
91.4%
Det. Charles Boyle
89.8%
Doug Judy
89.2%
% Correct
Kevin Cozner
88.9%
Gina Linetti
87.1%
Det. Norm Scully
82.1%
Keith 'The Vulture' Pembroke
81.1%
Det. Michael Hitchcock
80.6%
Adrian Pimento
79.4%
Roger Peralta
70.4%

You're not logged in!

Compare scores with friends on all Sporcle quizzes.
OR
Log In

You Might Also Like...

Show Comments

Extras

Top Quizzes Today


Score Distribution

Your Account Isn't Verified!

In order to create a playlist on Sporcle, you need to verify the email address you used during registration. Go to your Sporcle Settings to finish the process.

Report this User

Report this user for behavior that violates our Community Guidelines.

Details: